00929 a2200217 45000010006000000050017000060080041000230030015000640400040000790800072001192450210001910200022004012500012004232640033004353000019004681000027004877000028005146500019005428560129005616500021006902630820260407155543.0260407a2014 arg spa dAR-UNSa-BCEJYS aAR-UNSa-BCEJYSbspacAR-UNSa-BCEJYS a35.077.3xProcedimiento administrativo (licitación pública...) 10aRégimen de procedimientos administrativospLey 19.549. Decreto reglamentario 1759/72, texto ordenado 1991 según reformas introducidas por decreto 1883/91. Con remisión al texto constitucional de 1994 a978-950-508-920-8 a9a. ed. 1aBuenos Aires :bAstreac2014 a421 p.c20 cm.1 aHutchinson, Tomás A.1 aArgentina [Leyes, etc.] aLey Nº 19.54941uhttps://biblioeco.unsa.edu.ar/pmb/images/libros/R?gimen de Procedimientos Administrativos.jpgyImagen de portadaqimage/jpeg a ley nº 19 549